| 000 | 00403nam a22000977a 4500 | ||
|---|---|---|---|
| 008 | 160416b xxu||||| |||| 00| 0 eng d | ||
| 100 | _aTranmer, Keith | ||
| 245 | _aAustro-Hungarian A.P.O.'s 1914-1918 | ||
| 260 |
_aHornchurch, Essex, England _bK. Tranmer _c1973 |
||
| 650 | _aAustro-Hungarian Military Post | Austro-Hungarian Empire | Austria | Military Mail | 1914-1918 | World War I, 1914-1918 | Postal History | ||
| 999 |
_c1887 _d1887 |
||